Air Pollution Control in Industries vol-1: (Record no. 332420)

000 -LEADER
fixed length control field nam a22 7a 4500
003 - CONTROL NUMBER IDENTIFIER
control field NUST
005 - DATE AND TIME OF LATEST TRANSACTION
control field 20171204133811.0
008 - FIXED-LENGTH DATA ELEMENTS--GENERAL INFORMATION
fixed length control field 171204b xxu||||| |||| 00| 0 eng d
020 ## - INTERNATIONAL STANDARD BOOK NUMBER
International Standard Book Number 8188305057
040 ## - CATALOGING SOURCE
Transcribing agency 0
082 ## - DEWEY DECIMAL CLASSIFICATION NUMBER
Classification number 628.53 RAY
100 ## - MAIN ENTRY--PERSONAL NAME
Personal name Ray,T.K.
9 (RLIN) 6933
245 ## - TITLE STATEMENT
Title Air Pollution Control in Industries vol-1:
Remainder of title Theory, Selection & Design of air pollution control equipment
Statement of responsibility, etc. T.K.Ray
260 ## - PUBLICATION, DISTRIBUTION, ETC.
Place of publication, distribution, etc. New Delhi
Name of publisher, distributor, etc. Tech Books International
Date of publication, distribution, etc. 2004.
300 ## - PHYSICAL DESCRIPTION
Extent 445p.
500 ## - GENERAL NOTE
General note H.B
942 ## - ADDED ENTRY ELEMENTS (KOHA)
Source of classification or shelving scheme
Koha item type Book
Call number prefix IESE
Holdings
Withdrawn status Lost status Source of classification or shelving scheme Damaged status Not for loan Collection code Permanent Location Current Location Shelving location Date acquired Total Checkouts Full call number Barcode Date last seen Price effective from Koha item type
            Central Library (CL) Central Library (CL) General Stacks 12/04/2017   628.53 RAY IESE-1035 12/04/2017 12/04/2017 Book
© 2023 Central Library, National University of Sciences and Technology. All Rights Reserved.